000 00994nmm a2200289 a 4500
001 ocm0001132521
003 TR-IsHL
005 20201028155533.0
008 150709s2014 tu tur
007 cr cn
020 _a9786059004008
035 _a1132521
_b(N$T)
050 0 4 _aDR1313.7.P43
_bE73 2014
090 0 4 _aDR1313.7.P43
_bE73 2014
100 1 _aErbesler, Esat Ertaç
245 1 0 _aBosna'da egemenlik sorunu: Dayton anlaşması
_h[electronic resource] /
_cEsat Ertaç Erbesler
260 _aİstanbul :
_bBiyografi Net İletişim Yayıncılık,
_c2014
300 _a226 p.
650 4 _aTarih
650 4 _aHistory
650 0 _aBosna-Hersek
_x Tarih
650 0 _aSiyaset ve yönetim
_x Bosna-Hersek
650 0 _aDayton Barış Antlaşması, 14 Aralık 1995
650 0 _aBosna-Hersek
_x Barış süreci
650 7 _aHISTORY / Europe / Eastern
_2bisacsh
856 4 0 _uhttp://search.ebscohost.com/login.aspx?direct=true&scope=site&db=e011xww&AN=1132521
999 _c13133
_d13133